LEADER 01312nam a2200301 a 4500 001 000000122077 003 CaOOAMICUS 005 20100603112501.0 008 100603t2009 it u000 u ita r 020 $a978-88-215-6341-6 040 $aPUL$bita$dReb 082 04$a232.9 245 00$aMariologia /$ca cura di Stefano De Fiores, Valeria Ferrari Schiefer, Salvatore M. Perrella. 260 $aCinisello Balsamo :$bSan Paolo,$c©2009. 300 $axxxi, 1339 p. ;$c25 cm 490 1 $aDizionari San Paolo 650 4$aMariologia$vDizionari.$0(OLS)http://pul/subject/25899 700 1 $aDe Fiores, Stefano,$cS. M. M.,$d1933-$0(OLS)http://pul/name/5939 700 1 $aPerrella, Salvatore M.,$cO.S.M,$d1952-$0(OLS)http://pul/name/65 700 1 $aFerrari Schiefer, Valeria.$0(OLS)http://pul/name/76523 830 0$aDizionari San Paolo.$0(OLS)http://pul/title/39764 850 $aPUL 852 $aPUL$W1$xSL Religione 3$y85$m232. 9 DEFST 1$j140127$qDDC 21$B139294$CPULBib$Z2$F139294 $H111533 $82 941 1 $a9 996 $6020$a978-88-215-6341-6$9(OLS)http://pul/number/144445 996 $6082$a232.9$9(OLS)http://pul/classification/575 996 $6245$aMariologia$9(OLS)http://pul/title/25241 996 $6260$aCinisello Balsamo :$bSan Paolo$9(OLS)http://pul/publisher/54577 LEADER 01198nam a2200277 u 4500 001 000000063815 003 CaOOAMICUS 005 20070226121304.0 008 011107s1992 it u000 u ita u 035 $a10909150 040 $aPUL(R)$bita 100 1 $aStruḿa, Alberto.$0(OLS)http://pul/name/43235 245 10$aIntroduzione alla filosofia delle scienze /$cAlberto Strumia. 260 $aBologna :$bEdizioni Studio Domenicano,$cc1992. 300 $a261 p. ;$c21 cm 490 1 $aCollana "Philosophia" ;$v9 504 $aBibliografia in nota. 650 4$aFilosofia della scienza.$0(OLS)http://pul/subject/5136 830 0$aCollana "Philosophia" ;$v9.$0(OLS)http://pul/title/3104 850 $aPUL 852 $aPUL$W1$xSL Filosofia 1$y2$m81 I 74$j82768$nBK-PRI$qStampati$B82768$CPULBib$Z2$F82768 $82 852 $aPUL$W1$xDP2 Cons. Gen., Altre Classi 3$y97$m501 STRAL 1$j202446$a2 copia$qDDC 21$B207846$CPULBib$Z2$F207846 $H138559 $81 941 1 $a8 961 $aINV: 69459 996 $6245$aIntroduzione alla filosofia delle scienze$9(OLS)http://pul/title/85068 996 $6260$aBologna :$bEdizioni Studio Domenicano$9(OLS)http://pul/publisher/49136